| 000 | 005180000a22001810004500 | ||
|---|---|---|---|
| 003 | MACL | ||
| 005 | 20160228122640.0 | ||
| 008 | 160228b xxu||||| |||| 00| 0 eng d | ||
| 040 |
_aMACL _cMACL |
||
| 041 | _aHindi | ||
| 082 | _a800 | ||
| 100 |
_aगाेपाल मदन _941185 |
||
| 245 | _aप्रेमचंदन चिटठी पत्री | ||
| 260 |
_bहंस प्रकाशन _c1962 _aइलाहाबाद |
||
| 350 | _a7 | ||
| 650 |
_aLiterature _941186 |
||
| 942 |
_cHIN _k800 _2ddc |
||
| 999 |
_c25830 _d25830 |
||